Social Issues in Business (Record no. 3874)
[ view plain ]
| 000 -LEADER | |
|---|---|
| fixed length control field | 00326nam a22001337a 4500 |
| 008 - FIXED-LENGTH DATA ELEMENTS--GENERAL INFORMATION | |
| fixed length control field | 250617b |||||||| |||| 00| 0 eng d |
| 020 ## - INTERNATIONAL STANDARD BOOK NUMBER | |
| ISBN | 73158935 |
| 100 ## - MAIN ENTRY--AUTHOR | |
| Author | FRED, Luthans |
| 245 ## - TITLE STATEMENT | |
| Title | Social Issues in Business |
| 260 ## - PUBLICATION, DISTRIBUTION, ETC. (IMPRINT) | |
| Place of publication | AMERICA |
| Name of publisher | The Macmillian Company |
| Date of publication | 1972 |
| 300 ## - COLLATION | |
| Pagination | 280p. |
| 942 ## - ADDED ENTRY ELEMENTS (KOHA) | |
| Item type | Books |
| 050 ## - LIBRARY OF CONGRESS CALL NUMBER | |
| Classification number | HD60 |
| Item number | .L88 |
No items available.